Polonia - Statystyki

Ogólne statystyki
  • Ten quiz został rozwiązany 1 200 razy
  • Średni wynik to 20 z 25
Statystyki odpowiedzi
Ludność
polska
Kraj % Poprawnych
2 000 000 Niemcy
99%
9 292 875 Stany Zjednoczone
99%
95 000 Rosja
96%
853 000 Wielka Brytania
95%
1 050 000 Francja
93%
45 000 Hiszpania
91%
144 100 Ukraina
91%
900 000 Kanada
90%
39 269 Czechy
89%
100 000 Szwecja
88%
100 000 Włochy
87%
70 103 Norwegia
86%
1 800 000 Brazylia
85%
235 000 Litwa
84%
396 000 Białoruś
79%
450 000 Argentyna
76%
122 585 Irlandia
74%
60 000 Holandia
72%
60 416 Łotwa
71%
55 000 Austria
70%
200 000 Australia
69%
70 000 Belgia
69%
50 000 Grecja
65%
100 000 Kazachstan
37%
35 000 Południowa Afryka
31%
Nie znaleziono quizów pasujących do podanych kryteriów
Rozkład punktacji
Procent ludzi z każdym wynikiem
Percentyl według liczby udzielonych odpowiedzi
Twoja historia wyników
Nie rozwiązałeś tego quizu